Septimo interior (Record no. 6225)

MARC details
000 - LÍDER
campo de control de longitud fija 00777nam a2200181Ia 4500
008 - ELEMENTOS DE DATOS DE LONGITUD FIJA - INFORMACIÓN GENERAL
campo de control de longitud fija 0000001988 sp a 0000000000spa00
090 ## - NÚMERO DE LLAMADA DE TIPO LC LOCALMENTE ASIGNADO (OCLC)
Número de clasificación (OCLC) (R) PSP00 S26
245 10 - TÍTULO DECLARACIÓN
Título Septimo interior
Resto del título : pinturas
260 ## - PUBLICACIÓN, DISTRIBUCIÓN
Lugar de publicación Madrid : Centro Cultural Casa de Vacas
Fecha de publicación 1988
300 ## - DESCRIPCIÓN FÍSICA
Alcance 7 láms. sueltas
Dimensiones / 22 cm.
500 ## - NOTA GENERAL
Nota general Exposición realizada en el Centro Cultural Casa de Vacas, Madrid, Junio 1121, 1988 \ Con el patronazgo del maestro venezolano Jesús Rafael Soto (q.e.p.d.)
505 ## - NOTA DE CONTENIDO FORMATEADA
Nota sobre el contenido formateado Anton Llerena Caridad Pérez Aznar Pilar Diez del Corral Manuel Caro Concha Aguado Valle Paramo Carmen López
650 14 - ENTRADA DE SUJETO AÑADIDO - TÉRMINO TÓPICO
Término tópico o elemento de entrada del nombre geográfico ARTE CONTEMPORANEO ESPAÑOL
650 14 - ENTRADA DE SUJETO AÑADIDO - TÉRMINO TÓPICO
Subdivisión general CATALOGOS
650 14 - ENTRADA DE SUJETO AÑADIDO - TÉRMINO TÓPICO
Subdivisión general EXPOSICIONES
650 14 - ENTRADA DE SUJETO AÑADIDO - TÉRMINO TÓPICO
Término tópico o elemento de entrada del nombre geográfico PINTORES ESPAÑOLES
650 14 - ENTRADA DE SUJETO AÑADIDO - TÉRMINO TÓPICO
Término tópico o elemento de entrada del nombre geográfico PINTURA ESPAÑOLA
Holdings
Estado de retirada Pérdida de estatus Estado dañado No para préstamo Código de recogida Ubicación permanente Ubicación actual Ubicación de las estanterías Fecha de adquisición Número de llamada completo Código de barras Fecha de la última vez que se vio Número de copia Precio efectivo desde Tipo de artículo Koha
        General ArtNexus ArtNexus General 06/09/2022 P-SP-00 S26 6229 06/09/2022 Ej.1 06/09/2022 Libro

Powered by Koha